Datum a čas kvízu
23
Celkem bodů
Celkový počet nahraných bodů na tomto kvízu bez doplňovacích otázek.
7.
Pořadí na kvízu
Konečné umístění týmu na tomto kvízu.
Zaznamenané odpovědi
| # | Otázka | Odpověď | Body | Výsledky |
|---|---|---|---|---|
| 1. | Medvědu ušatému jménem Jirka v... | Konopiště | 0 | |
| 2. | Do tlakové automobilové myčky... | kůň (s kočárem) | 0 | |
| 3. | Reality show Bachelor ve střed... | Sabina (Pšádová) | 0 | |
| 4. | V noci na úterý jsme mohli na... | C) 6 planet Sluneční soustavy najednou | 1 | |
| 5. | Ve středu bylo definitivně pot... | Tomáš Drastil | 0 | |
| 6. | Za půl bodu napište, jak se jm... | Tři soutěsky; Čína | 0.5 | |
| 7. | Kterým přídavným jménem na 11... | geotermální | 0 | |
| 8. | Akademik Lomonosov je ruská ja... | B | 1 | |
| 9. | Pearl Street Station byla prvn... | Thomas Alva Edison | 0 | |
| 10. | Téma zakončíme v České republi... | 4 | 1 |